Urban social space /

Bibliographic Details
Main Author: La Gory, Mark, 1947-
Other Authors: Pipkin, John, 1947-
Format: Book
Language:English
Published: Belmont, Calif. : Wadsworth, [1981]
Subjects:

MARC

Tag First Indicator Second Indicator Subfields
LEADER 00000pam a2200000 a 4500
001 in00000087021
005 20151218095943.0
008 810108s1981 cauab b 00110 engm
010 |a  80029675  
020 |a 053400864X :  |c $10.95 
035 |a (OCoLC)07196819 
035 |9 AAK4624AM 
039 0 |a 2  |b 3  |c 3  |d 3  |e 3 
040 |a DLC  |c DLC  |d m.c.  |d TXA  |d UtOrBLW 
049 |a TXAM  |c [1442820] 
050 0 0 |a HT153  |b .L26 
082 0 |a 307.7/6  |2 19 
100 1 |a La Gory, Mark,  |d 1947- 
245 1 0 |a Urban social space /  |c Mark La Gory, John Pipkin. 
264 1 |a Belmont, Calif. :  |b Wadsworth,  |c [1981] 
264 4 |c ©1981 
300 |a xii, 356 pages :  |b illustrations, maps ;  |c 24 cm. 
336 |a text  |b txt  |2 rdacontent 
337 |a unmediated  |b n  |2 rdamedia 
338 |a volume  |b nc  |2 rdacarrier 
500 |a Includes index. 
504 |a Bibliography: pages 317-348. 
650 0 |a Sociology, Urban. 
650 0 |a City planning  |x History. 
650 0 |a Human ecology. 
650 0 |a Space (Architecture) 
650 0 |a Social change. 
650 0 |a Residential mobility. 
700 1 |a Pipkin, John,  |d 1947- 
999 |a MARS 
999 f f |s abc92ba8-d44f-3f3b-b24d-837879f7c9fc  |i 5e1ac55f-fa20-3a95-8f9c-ff1f96c9711d  |t 0 
952 f f |p ric  |a Texas A&M University  |b Rellis Campus  |c Joint Library Facility  |d Remote Storage  |t 0  |e HT153 .L26  |h Library of Congress classification  |i unmediated -- volume  |m A14826786883 
998 f f |a HT153 .L26  |t 0  |l Remote Storage